[Event "Verona op-A"]
[Site "Verona"]
[Date "2017.01.06"]
[Round "7"]
[White "Gennari, Jacopo"]
[Black "De Grandi, Samuele"]
[Result "1/2-1/2"]
[WhiteElo "2123"]
[BlackElo "1965"]
[PlyCount "62"]
[EventDate "2017.01.02"]
[EventType "swiss"]
[EventRounds "7"]
[EventCountry "ITA"]
[SourceTitle "CBM 176 Extra"]
[Source "ChessBase"]
[SourceDate "2017.03.02"]
[SourceVersion "1"]
[SourceVersionDate "2017.03.02"]
[SourceQuality "1"]

1. d4 Nf6 2. c4 c5 3. d5 e6 4. Nc3 exd5 5. cxd5 d6 6. e4 g6 7. f4 Bg7 8. Bb5+ Nfd7 9. a4 0-0 10. Nge2 Qh4+ 11. Ng3 Nf6 12. Qf3 Nh5 13. 0-0 Bg4 14. Qf2 Nxg3 15. hxg3 Qe7 16. Be3 Bxc3 17. bxc3 Qxe4 18. Qd2 Nd7 19. f5 Nf6 20. Bh6 Bxf5 21. Bxf8 Rxf8 22. Rad1 Qe5 23. Bd3 Bxd3 24. Qxd3 Ng4 25. Rfe1 Qh5 26. Qf3 Qh2+ 27. Kf1 Qh5 28. Ke2 Qg5 29. Qf4 Qe7+ 30. Kd2 Ne5 31. g4 h6 1/2-1/2

[Event "Verona op-A"]
[Site "Verona"]
[Date "2017.01.03"]
[Round "3"]
[White "De Grandi, Samuele"]
[Black "Rebeggiani, Andrea"]
[Result "1-0"]
[WhiteElo "1965"]
[BlackElo "1949"]
[PlyCount "85"]
[EventDate "2017.01.02"]
[EventType "swiss"]
[EventRounds "7"]
[EventCountry "ITA"]
[SourceTitle "CBM 176 Extra"]
[Source "ChessBase"]
[SourceDate "2017.03.02"]
[SourceVersion "1"]
[SourceVersionDate "2017.03.02"]
[SourceQuality "1"]

1. c4 e6 2. g3 Nf6 3. Bg2 d5 4. Nf3 Be7 5. 0-0 0-0 6. b3 d4 7. d3 Nc6 8. Na3 e5 9. e4 Bg4 10. h3 Bh5 11. g4 Bg6 12. Nh4 Nd7 13. Nf5 Bb4 14. Nc2 Bc3 15. Rb1 a5 16. Bd2 Nc5 17. Qe2 Bxd2 18. Qxd2 Ne6 19. Ne1 Nf4 20. Kh2 Qf6 21. a3 Nd8 22. Nf3 Nxg2 23. Kxg2 Ne6 24. Kh2 Bxf5 25. gxf5 Nf4 26. Rg1 Qh6 27. Rg3 f6 28. Rbg1 Kh8 29. Ne1 g5 30. fxg6 hxg6 31. Ng2 g5 32. Nxf4 exf4 33. Rg4 Rg8 34. Qe2 Rae8 35. Qf3 Re7 36. Kg2 Rh7 37. Rh1 Qf8 38. a4 c6 39. Kh2 Rg6 40. Kg2 Rgh6 41. Rh2 Qb4 42. Qe2 Qd6 43. Qf3 1-0

[Event "ITA-ch B"]
[Site "Civitanova Marche"]
[Date "2012.07.22"]
[Round "8"]
[White "De Grandi, Samuele"]
[Black "Rinaudo, Andrea"]
[Result "1/2-1/2"]
[WhiteElo "1655"]
[BlackElo "2103"]
[PlyCount "55"]
[EventDate "2012.07.15"]
[EventType "swiss"]
[EventRounds "8"]
[EventCountry "ITA"]
[SourceTitle "EXT 2023"]
[Source "ChessBase"]
[SourceDate "2022.10.05"]
[SourceVersion "1"]
[SourceVersionDate "2022.10.05"]
[SourceQuality "1"]

1. c4 e5 2. g3 Nc6 3. Bg2 g6 4. Nc3 Bg7 5. e4 d6 6. Nge2 Nf6 7. d3 0-0 8. 0-0 Be6 9. Nd5 Ne7 10. f4 Nfxd5 11. cxd5 Bg4 12. Bf3 Bxf3 13. Rxf3 f5 14. Be3 c6 15. dxc6 bxc6 16. Qd2 d5 17. fxe5 dxe4 18. dxe4 Qxd2 19. Bxd2 Bxe5 20. Bc3 Bxc3 21. Nxc3 Rad8 22. Raf1 Rd2 23. R3f2 Rxf2 24. Rxf2 Rd8 25. exf5 Nxf5 26. g4 Ne3 27. h3 Kg7 28. Kh2 1/2-1/2